[Event "MTS Logistics GM SERIES-7"]
[Site "?"]
[Date "2018.01.08"]
[Round "4.4"]
[White "Hracek, Zbynek"]
[Black "Kanmazalp, Ogulcan"]
[Result "1-0"]
[WhiteElo "2591"]
[BlackElo "2458"]
[Annotator "TA"]
[PlyCount "129"]
[EventDate "2018.??.??"]
[EventType "schev"]
[EventCountry "TUR"]
[SourceTitle "Izmir"]

{[%evp 14,129,15,16,29,26,29,22,27,23,39,13,57,57,62,63,58,51,56,26,33,41,43,27,81,83,78,66,61,56,72,72,73,68,75,77,106,112,164,149,149,154,154,115,190,192,192,117,123,116,157,153,147,150,141,148,222,229,189,204,181,63,427,410,397,390,440,425,528,528,572,568,520,523,516,481,453,331,324,324,323,323,323,304,310,301,297,301,309,308,276,277,318,0,79,0,465,431,754,752,721,722,756,737,755,752,753,753,747,736,710,702,659,629,590,561,535,534]} 1. e4 e6 2. d4 d5 3. exd5 exd5 4. Nf3 Nf6 5. Bd3 Bd6 6. Qe2+ Be7 {C01: French: Exchange Variation} (6... Be6 7. c4 O-O 8. c5 Be7 9. O-O Bg4 10. h3 Bxf3 11. Qxf3 Nc6 12. Be3 Nb4 13. Bf5 g6 14. a3 {½-½ (109) Andreikin,D (2712)-Wang,H (2709) Huaian 2017}) 7. O-O O-O 8. Re1 {LiveBook: 3 Games} Bd6 {The position is equal.} 9. Bg5 Bg4 10. Nbd2 Nbd7 11. h3 Bh5 12. Bf5 (12. c4 $5 {[%cal Rc4c5]}) 12... Re8 $146 ({Predecessor:} 12... c6 13. Qd3 Qc7 14. Re3 {½-½ (21) Blandnet,J (2170)-Riazuelo,G Paris 1994}) 13. Qb5 $36 {[%mdl 2048] Black is under pressure.} Rb8 14. Rxe8+ Qxe8 15. Re1 Qd8 16. Ne5 c6 17. Qa4 Qc7 18. Nxd7 b5 (18... Nxd7 $11 19. c3 (19. Qxa7 Nb6 $11) 19... a6) 19. Nxf6+ $16 gxf6 20. Qb3 fxg5 21. Qd3 Bg6 22. Nf3 Qd8 23. Bxg6 hxg6 24. Qe3 f6 25. h4 Rb7 (25... g4 $16 {might work better.}) 26. Qe6+ Kg7 27. hxg5 fxg5 28. Nxg5 Qxg5 (28... Re7 $16) 29. Qxd6 {[%mdl 4096] Endgame KQR-KQR} Rf7 30. Qe5+ (30. Qxc6 $18 Qh4 31. Rf1) 30... Qxe5 31. Rxe5 {KR-KR} Kf6 32. Re8 Rc7 33. b4 a5 34. a3 {[%cal Ba2a3,Ba3b4][%mdl 32]} axb4 (34... Kf7 $16 {was called for.} 35. Rd8 Ke6) 35. axb4 $18 Ra7 36. Rc8 $1 Ra6 37. c3 (37. Kf1 $18) 37... Ke7 $2 {[%mdl 8192]} (37... Kf5 $14) 38. Kh2 Kd7 39. Rf8 $1 {[%cal Rf8f3]} Ke7 40. Rf3 $1 Ra1 41. Kh3 Rg1 42. g3 Rh1+ 43. Kg4 Rh5 44. Re3+ Kf7 45. Re1 Rh2 46. Kf3 Rh5 47. Re2 Rh1 48. Kg4 $1 Rc1 49. Re3 Rh1 50. Rf3+ $1 Kg7 51. Kg5 Rh5+ 52. Kf4 $1 Kf6 53. Kg4+ $2 (53. Ke3+ $18 Kg7 54. g4) 53... Kg7 {[#]} (53... Ke7 $11 {remains equal.} 54. Rf4 Ke6) 54. Re3 $2 {[%mdl 8192]} (54. Rd3 $1 $16) 54... Kf7 $1 55. f4 {[%cal Bf2f4,Bf4f5][%mdl 32] White is clearly winning.} Rh1 {[#]} (55... Rh2 $142 56. f5 gxf5+ 57. Kxf5 Rf2+ 58. Kg5 Rf1) 56. f5 $1 {[%cal Rf5g6]} gxf5+ 57. Kxf5 Rf1+ 58. Kg4 {Threatens to win with Rf3+.} Rc1 59. Kg5 Rc2 60. Rf3+ Kg7 61. g4 Rc1 62. Kf5 Kf7 63. Ke5+ Ke7 64. Rh3 Re1+ 65. Kf5 {Precision: White = 78%, Black = 54%.} 1-0

[Event "MTS Logistics GM SERIES-7"]
[Site "?"]
[Date "2018.01.08"]
[Round "4.5"]
[White "Ivanisevic, Ivan"]
[Black "Gokerkan, Cem Kaan"]
[Result "1/2-1/2"]
[WhiteElo "2575"]
[BlackElo "2422"]
[Annotator "TA"]
[PlyCount "81"]
[EventDate "2018.??.??"]
[EventType "schev"]
[EventCountry "TUR"]
[SourceTitle "Izmir"]

{[%evp 12,81,24,0,19,19,15,15,16,17,25,28,25,17,16,0,13,0,7,0,0,0,0,0,0,0,0,0,47,48,48,50,51,51,60,50,67,38,55,48,65,64,89,83,143,105,105,106,106,106,106,106,109,92,88,76,87,82,75,83,82,0,0,0,0,0,0,0,0,0,0,0]} 1. d4 Nf6 2. c4 e6 3. Nc3 Bb4 4. Nf3 c5 5. g3 cxd4 6. Nxd4 Ne4 7. Qc2 Qa5 {[%cal Re4c3] E20: Nimzo-Indian: 4 g3 and 4 f3} 8. Bg2 Nxc3 9. O-O $1 Nc6 10. bxc3 Bxc3 11. Nb3 $1 {[%cal Rb3a5]} Nd4 {[#]} 12. Nxd4 $1 {[%mdl 512]} Bxd4 (12... Bxa1 $2 {loses.} 13. Nb3 $18) 13. Rb1 d6 14. Rd1 (14. Bb2 Bxb2 15. Qxb2 {0-1 (90) Carlsen,M (2855)-Caruana,F (2804) Leuven 2016}) 14... Bc5 {[#]} 15. Be4 $146 ({Predecessor:} 15. Bxb7 Bxb7 16. Rxb7 {½-½ (25) Stocek,J (2544)-Horvath,A (2509) Sydney 2013}) 15... Rb8 16. Rb5 Qc7 17. Rxc5 dxc5 18. Bb2 f5 19. f4 $36 {[%mdl 2048] Be5 is the strong threat. White has good play.} fxe4 20. Be5 Qf7 {Strongly threatening ...Ra8.} 21. Bxb8 {Hoping for Qa4+.} O-O 22. Qxe4 b6 23. Be5 Bb7 24. Qd3 Bc6 25. g4 h6 26. Kf2 Ba8 27. Ke3 a6 (27... Bc6 $142) 28. g5 hxg5 {[#]} 29. Rg1 $1 {[%cal Rg1g5]} Qf5 {[%cal Rg5f4]} ({Not} 29... gxf4+ $2 30. Kf2 $18) 30. Rxg5 Qxd3+ 31. exd3 $16 {[%mdl 4096] Endgame KRB-KRB} Rf7 32. Rg6 Re7 33. f5 exf5 34. Kf4 b5 35. Rxa6 Bb7 36. Ra5 ({White should try} 36. Ra7 $16) 36... bxc4 $11 {The position is equal.} 37. dxc4 g5+ $1 38. Kxf5 Bc8+ 39. Ke4 Bb7+ 40. Kf5 Bc8+ 41. Ke4 {Precision: White = 80%, Black = 62%.} 1/2-1/2

[Event "MTS Logistics GM SERIES-7"]
[Site "?"]
[Date "2018.01.09"]
[Round "5.1"]
[White "Gokerkan, Cem Kaan"]
[Black "Kozul, Zdenko"]
[Result "1-0"]
[WhiteElo "2422"]
[BlackElo "2626"]
[Annotator "TA"]
[PlyCount "141"]
[EventDate "2018.??.??"]
[EventType "schev"]
[EventCountry "TUR"]
[SourceTitle "Izmir"]

{[%evp 22,141,29,27,94,92,94,51,59,34,58,23,34,-52,-71,-77,0,0,0,0,180,178,201,156,252,166,448,307,320,331,299,43,20,52,52,16,19,34,19,0,0,-48,0,0,95,87,89,106,99,129,153,145,145,145,145,144,163,150,150,150,149,135,139,144,130,129,133,76,130,83,72,86,173,151,238,228,319,314,317,310,289,232,209,159,172,162,162,162,162,158,157,156,160,138,163,152,175,167,167,81,81,81,150,116,134,137,151,80,91,86,125,125,220,197,527,496,930,823,29989,29990,29990,29991]} 1. e4 c5 2. Nf3 d6 3. d4 cxd4 4. Nxd4 Nf6 5. Nc3 Nc6 6. Bc4 Qb6 7. Nb3 e6 8. Bf4 Ne5 9. Be2 Bd7 10. Qd2 {B57: Classical Sicilian: Sozin with 6...Qb6} Be7 11. O-O-O (11. f3 O-O 12. g4 Qc7 13. O-O-O Rfd8 14. g5 Nh5 15. Be3 Nc4 16. Bxc4 Qxc4 17. Ne2 a5 {1-0 (52) Nakamura,H (2733)-Edouard,R (2636) Cap d'Agde 2010}) 11... O-O 12. g4 {[%cal Bg2g4,Bg4g5][%mdl 32] LiveBook: 7 Games. White has an edge.} Rfd8 (12... Qxf2 $6 13. Bxe5 dxe5 14. g5 $16) (12... Nfxg4 $11 13. Bxg4 Nxg4) 13. g5 $16 Ne8 14. h4 Qc7 $1 (14... Qxf2 $2 15. Be3 $18) 15. h5 Nc4 $146 ({Predecessor:} 15... b5 16. g6 Rab8 17. Rdg1 b4 {0-1 (32) Smieszek,W (2109)-Kanicki,K (2178) Gora Sw Anny 2016}) 16. Qd3 b5 17. Nd4 (17. Qf3 $14) 17... Rdc8 $15 18. g6 Bf6 (18... b4 $1 $17 {[%cal Rb4c3]} 19. b3 Na3) 19. gxf7+ Kxf7 {White must now prevent ...b4.} 20. e5 $1 $36 {[%cal Re5f6][%mdl 2048] White is more active.} Bxe5 $2 (20... Nxb2 $1 $11 21. Kxb2 dxe5) 21. Bxe5 $18 Nxe5 22. Qg3 b4 (22... Kg8 23. Rhg1 $16) (22... d5 $16) 23. Ne4 {Hoping for h6.} d5 $2 (23... Ba4 {keeps fighting.}) 24. Ng5+ Kg8 25. f4 Nf7 26. Bd3 $2 ({White has to play} 26. Nxf7 $18 Kxf7 27. Rhg1) 26... Nxg5 $14 27. Qxg5 Qd8 28. Qg3 {[%mdl 1024] And now h6 would win. White has compensation.} Qf6 $1 29. h6 g6 30. Rh5 (30. Nf3 $11 Nd6 31. Ne5) 30... Nd6 $15 31. Rg5 $1 {[%cal Rd3g6,Bh5g5,Bg5g4,Bg4h4][%mdl 32]} Nf7 (31... Qxd4 $2 32. Bxg6 Qf6 33. Be8+ Kf8 34. Bxd7 $18) (31... Kh8 $5 {[%cal Rf6d4]} 32. Qe3 Nf7 $17) 32. Rg4 $1 {[%cal Rd3g6] Strongly threatening Bxg6!} Nxh6 (32... Kh8 $11) 33. Rh4 $1 $16 {[%cal Rh4h6]} Nf5 (33... Qxd4 $2 34. Rxh6 Qg7 35. Rdh1 $18) 34. Nxf5 $1 exf5 35. Rdh1 Qg7 36. Qh2 {[%cal Rh4h7]} h5 {[#]} 37. Rxh5 $1 {[%mdl 512]} gxh5 38. Rg1 Qxg1+ 39. Qxg1+ Kf7 40. Qh1 Rh8 41. Qxd5+ Be6 42. Qb7+ Kf6 43. Qxb4 h4 44. Qc3+ (44. Bf1 $142 $1) 44... Kg6 (44... Kf7 $142) 45. Qe5 Kf7 46. Bf1 ({Don't play} 46. Bxf5 $6 Bxf5 47. Qxf5+ Kg7) 46... Rhg8 (46... Rag8 $16) 47. Qc5 $18 Rg3 (47... a6 $16 48. Bc4 (48. Qc7+ Kf6 $16) 48... Bxc4) 48. Qc7+ Kf6 49. Qh7 Rg4 50. Qh6+ $1 Kf7 51. Be2 Rg1+ 52. Kd2 Rd8+ 53. Ke3 Rg3+ {[#]} 54. Kf2 $1 Rd2 55. Qxh4 Rg7 56. Qh5+ Kf8 57. Ke3 Rxc2 58. Qh6 Rc6 59. Qf6+ Rf7 60. Qd8+ (60. Qh8+ $18 {has better winning chances.} Ke7 61. Bh5) 60... Kg7 $16 61. Bh5 Rfc7 (61... Rf6 $142) 62. Qg5+ Kf8 63. Qh6+ Kg8 64. Be8 (64. Qg6+ $142 Kf8 65. Bf3) 64... Rb6 65. Qf6 Bxa2 66. Qd8 Rb3+ (66... Rcb7 $16 {is a better defense.}) 67. Kd4 $18 {Intending Bd7+ and mate.} Rb4+ $2 {[#]} (67... Rbb7 {is a better chance.} 68. Bc6+ Kf7 69. Qe8+ Kg7) 68. Ke5 $1 {[%cal Re5f6]} Re4+ (68... Rcb7 $142 69. Bc6+ (69. Kxf5 Rb8 $16) 69... Kf7 70. Qe8+ Kg7 71. Bxb7 Rxb7 72. Kxf5 Rf7+ 73. Kg5 Bb1) 69. Kxf5 {Threatening mate with Bg6+.} Ree7 70. Bd7+ Kf7 71. Qxc7 {Precision: White = 64%, Black = 37%.} 1-0

[Event "MTS Logistics GM SERIES-7"]
[Site "?"]
[Date "2018.01.09"]
[Round "5.2"]
[White "Ozen, Deniz"]
[Black "Belov, Vladimir"]
[Result "0-1"]
[WhiteElo "2413"]
[BlackElo "2614"]
[Annotator "TA"]
[PlyCount "88"]
[EventDate "2018.??.??"]
[EventType "schev"]
[EventCountry "TUR"]
[SourceTitle "Izmir"]

{[%evp 21,88,14,35,46,40,0,1,0,0,0,0,0,0,0,0,0,0,0,0,-18,-2,-14,-20,-27,-18,-43,-46,-60,-14,-34,-30,-68,-62,-61,-30,-50,0,-30,-33,-103,-117,-164,-151,-133,-122,-205,-203,-197,-199,-272,-271,-462,-469,-492,-477,-471,-437,-5446,-5693,-4894,-5218,-5213,-3137,-2247,-2024,-6693,-6183,-1952,-1827]} 1. e4 c5 2. Nf3 e6 3. d4 cxd4 4. Nxd4 Nc6 5. Nc3 a6 6. Be2 d6 7. O-O Nf6 8. Be3 Bd7 9. f4 Be7 10. Qe1 O-O 11. Qg3 Rc8 {LiveBook: 4 Games. B85: Sicilian Scheveningen: 6 Be2 a6, lines with early Be3} 12. Rad1 Qc7 13. Nxc6 $146 ({Find the theoretical novelty and annotate with similar games:} 13. Kh1 b5 14. e5 Ne8 15. Ne4 dxe5 16. fxe5 Nxe5 17. Bf4 Qb7 18. Bxe5 Qxe4 19. Bf3 Qh4 20. Qxh4 Bxh4 21. Bb7 Rd8 22. Bxa6 b4 {½-½ (55) Guliyev,N (2549)-Beerdsen,T (2277) Hilversum 2015}) 13... Bxc6 {The position is equal.} 14. Bd3 b5 15. a3 Nd7 16. f5 exf5 17. Nd5 Bxd5 18. exd5 Ne5 19. Bxf5 Rb8 20. Bd4 g6 21. Be4 Rfe8 22. Bxe5 dxe5 23. Kh1 Qd6 24. Rf5 Bd8 25. Rdf1 Rb7 26. c3 Rc7 27. R5f3 Rf8 28. Rf5 Re8 29. R5f3 $1 a5 30. Qf2 (30. R3f2 $15) 30... f5 $17 31. Bxf5 gxf5 32. Rxf5 Rg7 33. Rf7 (33. b4 $17) 33... Rg6 $19 34. Qf3 {[#] Black must now prevent Qh5.} Bg5 $1 {[%cal Bd8g5,Bg5h6,Bh6f8][%mdl 32]} 35. Qh5 (35. Qe4 $142) 35... Bh6 36. h3 $2 (36. R1f6 {was called for.} Rxf6 37. Rxf6) 36... Qxd5 {[%csl Gg6][%cal Rd5g2] Black is clearly winning.} 37. R7f3 Rf8 38. Rxf8+ Bxf8 {[%csl Gg6][%cal Rd5g2] [#]} 39. Rf3 (39. Qf3 $142 Qxf3 40. gxf3) 39... Qd1+ 40. Kh2 Qd2 {[%csl Gg6][%cal Rd2g2]} 41. Rxf8+ Kxf8 {[%csl Gg6][%cal Rd2g2]} 42. Qf5+ Kg8 {[%csl Gg6][%cal Rd2g2]} 43. Qc8+ Kg7 {[%csl Gg6][%cal Rd2g2]} 44. Qb7+ Kh6 {Precision: White = 36%, Black = 72%.} 0-1

[Event "MTS Logistics GM SERIES-7"]
[Site "?"]
[Date "2018.01.09"]
[Round "5.3"]
[White "Soysal, Serkan"]
[Black "Baklan, Vladimir"]
[Result "0-1"]
[WhiteElo "2400"]
[BlackElo "2598"]
[Annotator "TA"]
[PlyCount "63"]
[EventDate "2018.??.??"]
[EventType "schev"]
[EventCountry "TUR"]
[SourceTitle "Izmir"]

{[%evp 16,63,18,35,35,11,27,31,41,0,0,0,0,0,0,0,0,0,0,0,0,0,0,0,107,-60,0,0,0,-38,-36,-44,-37,-48,-78,-162,-163,-236,-202,-294,-238,-315,-228,-242,-245,-1351,-1287,-29986,-29987,-29985]} 1. d4 Nf6 2. c4 e6 3. Nf3 Bb4+ 4. Nc3 b6 5. e3 Bb7 6. Bd3 c5 7. O-O O-O 8. Na4 cxd4 9. exd4 Bd6 {E43: Nimzo-Indian: Rubinstein: 4...b6} 10. Nc3 Nc6 11. Re1 $146 ({Predecessor:} 11. a3 Ne7 12. Re1 Ng6 13. Bg5 Be7 14. Ne5 d5 15. Bxf6 Bxf6 16. cxd5 exd5 17. Qh5 {1-0 (47) Ionescu,C (2444)-Baklan,V (2621) Calimanesti Caciulata 2016}) 11... h6 {White is slightly better.} 12. Bb1 Bb4 13. Qd3 Ne7 14. Ne5 d6 15. Ng4 {[#] White wants to mate with Nxf6+.} Ng6 16. Nxh6+ gxh6 17. Bxh6 Re8 18. Bg5 Kg7 {[%cal Bg8g7,Bg7f6,Bf6e7,Be7d7,Bd7d6][%mdl 32]} 19. h4 e5 {[#]} (19... Qc7 $11) 20. d5 $2 (20. Qf5 $1 $16 {Threatens to win with h5!} Bxc3 21. bxc3) 20... Bxc3 (20... Rh8 $1 $15) 21. Qxc3 $11 Qd7 22. Bxf6+ Kxf6 23. Qg3 $1 {Hoping for h5.} Rh8 ({Don't blunder} 23... Kg7 $2 24. h5 $18) 24. f4 Rh5 $1 25. fxe5+ (25. Bxg6 $17 {might work better.} fxg6 26. fxe5+ dxe5 27. Rf1+ Kg7 28. Rf3) 25... Nxe5 $19 26. Rf1+ (26. Bc2 $142 Rah8 27. Rxe5 Rxe5 28. Rf1+ Ke7 29. Qg7) 26... Ke7 27. Qg7 (27. Bd3 $142) 27... Rf8 28. Rf6 {Black must now prevent Re6+.} Qg4 29. Re6+ Kd7 30. Rxd6+ $2 (30. Qxg4 Nxg4 31. Re4) 30... Kxd6 31. Qxf8+ Kd7 32. Qa3 {Precision: White = 45%, Black = 69%.} 0-1

[Event "MTS Logistics GM SERIES-7"]
[Site "?"]
[Date "2018.01.09"]
[Round "5.4"]
[White "Ozenir, Ekin Baris"]
[Black "Hracek, Zbynek"]
[Result "0-1"]
[WhiteElo "2370"]
[BlackElo "2591"]
[Annotator "TA"]
[PlyCount "62"]
[EventDate "2018.??.??"]
[EventType "schev"]
[EventCountry "TUR"]
[SourceTitle "Izmir"]

{[%evp 15,62,0,0,0,0,0,8,0,15,0,0,0,0,-5,-10,-73,-59,-71,-48,-91,-95,-313,-268,-267,-241,-320,-304,-266,-264,-347,-350,-334,-322,-322,-333,-323,-322,-401,-397,-440,-425,-520,-500,-480,-412,-483,-472,-470,-468]} 1. d4 Nf6 2. Bg5 Ne4 3. Bf4 c5 4. f3 Nf6 5. d5 e6 (5... d6 6. e4 g6 7. Nc3 Bg7 8. Qd2 a6 9. a4 Nbd7 10. Bh6 Bxh6 11. Qxh6 Qa5 12. Ra3 Nb6 13. Be2 Bd7 14. Qd2 g5 15. h4 {0-1 (63) Moiseenko,A (2667)-Melkumyan,H (2633) Riadh 2017}) 6. e4 {A45: Damenbauernspiele (Trompowski-Angriff)} exd5 7. exd5 d6 8. Nc3 Be7 {LiveBook: 3 Partien} 9. Nge2 a6 10. Ng3 b5 {[%cal Bb7b5,Bb5b4][%mdl 32]} 11. Qd2 O-O 12. a4 $146 ({Vorgänger:} 12. O-O-O Nbd7 {0-1 (34) Kalthoff,P (1640)-Rinkewitz,F (1884) GER email 2008}) 12... b4 13. Nd1 Re8 14. Be2 Nbd7 $36 {[%cal Bb8d7,Bd7f8,Bf8g6][%mdl 2080] Schwarz drückt.} 15. Ne3 {[#]} (15. c4 $11) 15... Nf8 $1 $17 16. Nef5 Ng6 {Droht ...Lxf5 und aus.} (16... Bxf5 $5 17. Nxf5 Ng6 $15) 17. Be3 Bf8 {...Te5 ist eine echte Drohung.} 18. f4 $2 (18. O-O $17) 18... Bxf5 19. Nxf5 Ne4 20. Qd3 Nh4 (20... Qf6 $2 21. g4 $17) 21. Nxh4 Qxh4+ 22. g3 {[#]} Nxg3 $1 {[%mdl 512]} 23. Bf2 (23. hxg3 Qxh1+) 23... Nxe2 24. Bxh4 Nxf4+ 25. Kd2 Nxd3 26. cxd3 Re5 27. Rhe1 Rxd5 28. Re4 f5 29. Re3 Re5 30. Rae1 Rae8 31. Rxe5 Rxe5 {Precision: Weiß = 36%, Schwarz = 91%.} ({Weniger gut wäre} 31... dxe5 32. Bf2 $19) 0-1

[Event "MTS Logistics GM SERIES-7"]
[Site "?"]
[Date "2018.01.09"]
[Round "5.5"]
[White "Kanmazalp, Ogulcan"]
[Black "Ivanisevic, Ivan"]
[Result "1/2-1/2"]
[WhiteElo "2458"]
[BlackElo "2575"]
[Annotator "TA"]
[PlyCount "112"]
[EventDate "2018.??.??"]
[EventType "schev"]
[EventCountry "TUR"]
[SourceTitle "Izmir"]

{[%evp 18,112,27,19,27,39,33,30,51,16,16,17,18,10,14,17,54,39,45,40,39,39,39,41,33,27,29,37,70,74,51,0,0,8,0,5,49,59,78,76,65,38,75,77,76,87,93,44,71,0,0,0,103,39,46,44,64,45,112,0,0,0,0,0,0,0,0,0,0,0,0,0,0,0,0,-8,-8,-8,-8,-8,-8,-8,-8,-8,-8,-8,-8,-8,-8,-8,-8,-8,-8,-8,0,0,0]} 1. e4 d6 2. d4 Nf6 3. Nc3 e5 4. Nf3 Nbd7 5. Bc4 Be7 6. a4 c6 7. O-O O-O 8. h3 h6 9. Re1 Re8 10. Be3 {LiveBook: 14 Partien. C41: Philidor-Verteidigung} (10. Ba2 Qc7 11. Nh4 exd4 12. Qxd4 Nf8 13. Qd3 Be6 14. Bxe6 Nxe6 15. Nf5 Bf8 16. Qf3 Nd7 17. Be3 Ne5 {1-0 (59) Grischuk,A (2764)-Jobava,B (2711) Beijing 2012}) 10... exd4 11. Qxd4 Nf8 $146 ({Vorgänger:} 11... Bf8 12. Bf4 Qb6 13. Qxb6 axb6 14. e5 dxe5 15. Nxe5 Nxe5 16. Bxe5 b5 17. Bb3 Nd7 18. Bc7 Rxe1+ 19. Rxe1 bxa4 20. Nxa4 b5 21. Nb6 Nxb6 22. Bxb6 Bd7 {½-½ (22) Mucha,R (2088)-Wieczorek,Z (2301) Polanica Zdroj 2007}) 12. Rad1 {Weiß steht etwas besser.} Be6 13. Bxe6 Nxe6 14. Qc4 Qa5 15. Nd4 Bf8 16. Nf5 Qe5 17. f4 $36 {[%mdl 2048] Weiss hat Druck.} Nxf4 {[%cal Rf6e4]} 18. Bd4 $1 {[%cal Rd4e5]} Qe6 19. Qf1 $1 {[%cal Rf1f4]} Ng6 {[#]} 20. Nxh6+ $1 {[%mdl 512]} Kh7 $1 {[%cal Rh7h6]} (20... gxh6 21. Bxf6) 21. Nf5 Ne5 22. Qf2 g6 23. Qh4+ Kg8 24. Re3 Nh7 25. Nh6+ Kg7 {[#] zielt auf ...g5 ab.} 26. Ng4 Be7 27. Qg3 $1 (27. Bxe5+ dxe5 28. Qf2 (28. Qh6+ $2 Kg8 $19) 28... Bc5 $17) 27... f6 {Droht ...Sxg4.} 28. Nf2 Ng5 29. Nd3 Nxd3 30. Rexd3 {Und Dxg5 würde nun gewinnen.} Nf7 ({Nur nicht} 30... Nxe4 $2 31. Nxe4 Qxe4 32. Re1 $18) 31. b3 Bd8 32. Ne2 Qxe4 33. Nf4 (33. Re3 $16 Qxc2 34. Rxe8) 33... Qf5 34. Rf1 Re4 (34... Kh7 $11 {bleibt in der Remisbreite.}) 35. Ba1 (35. Bc3 $16) 35... Bb6+ $14 36. Kh1 {Droht Lxf6+! und aus.} Ne5 37. Rxd6 Re3 ({Lieber} 37... Re8 $14) 38. Qh4 (38. Ne6+ $16 Qxe6 39. Rxe6 Rxg3 40. Rfxf6) 38... Rh8 $11 {Die Stellung ist ausgeglichen.} 39. Ne6+ Kf7 $1 40. Ng5+ $1 ({Ein No Go ist} 40. Rxf5 Rxh4 41. Ng5+ (41. Rf1 $2 Ke7 $19) 41... Kg8 $17) 40... Kg8 41. Qxh8+ $1 Kxh8 42. Rxf5 gxf5 43. Nf3 Nxf3 {[%cal Re3e1]} 44. Bxf6+ Kh7 {[%cal Re3e1]} 45. gxf3 Rxf3 46. Bd4 Bxd4 47. Rxd4 Rxh3+ {[%mdl 4096] Endspiel KT-KT} 48. Kg2 Rc3 49. Rd7+ Kg6 50. Rxb7 a5 51. b4 Rxc2+ 52. Kf3 Rc3+ 53. Ke2 axb4 54. Rxb4 Kg5 55. a5 f4 56. Ra4 Re3+ {Precision: Weiß = 66%, Schwarz = 60%.} 1/2-1/2

[Event "MTS Logistics GM SERIES-7"]
[Site "?"]
[Date "2018.01.11"]
[Round "7.2"]
[White "Belov, Vladimir"]
[Black "Kanmazalp, Ogulcan"]
[Result "*"]
[WhiteElo "2614"]
[BlackElo "2458"]
[Annotator "TA"]
[PlyCount "36"]
[EventDate "2018.??.??"]
[EventType "schev"]
[EventCountry "TUR"]
[SourceTitle "Izmir"]

{[%evp 19,20,-7,3]} 1. e4 c5 2. Nf3 d6 3. d4 cxd4 4. Nxd4 Nf6 5. Nc3 a6 6. Be2 e5 7. Nf3 Be7 8. Bg5 Be6 9. Bxf6 Bxf6 10. O-O O-O {Vorgänger:} 11. Nd5 $146 Nd7 12. Bc4 Rc8 13. Bb3 Nc5 14. Nxf6+ Qxf6 15. Qxd6 Bxb3 16. Qxf6 gxf6 17. axb3 Nxe4 18. Rfe1 Nd6 {½-½ (62) Rogic,D (2511)-Saric,I (2662) Mali Losinj 2017} *